Mapa agronómico nacional (Record no. 93351)

MARC details
000 -LEADER
campo de control de longitud fija 00705nam a2200205 i 4500
001 - NÚMERO DE CONTROL
campo de control 93351
003 - IDENTIFICADOR DE NÚMERO DE CONTROL
campo de control ES-MaACL
005 - FECHA Y HORA DE LA ÚLTIMA TRANSACCIÓN
campo de control 20230906181157.0
007 - CAMPO FIJO DE DESCRIPCIÓN FÍSICA--INFORMACIÓN GENERAL
campo de control de longitud fija t|
008 - DATOS DE LONGITUD FIJA--INFORMACIÓN GENERAL
campo de control de longitud fija 050520s1952 sp ||||1| spa d
245 00 - MENCIÓN DEL TÍTULO
Título Mapa agronómico nacional
Resto del título : Escala 1:50.000.
Nombre de parte o sección de la obra Comarca de Talavera de la Reina. Memoria.
260 ## - PUBLICACIÓN, DISTRIBUCIÓN, ETC.
Lugar de publicación, distribución, etc. Madrid :
Nombre del editor, distribuidor, etc. [s.n.],
Fecha de publicación, distribución, etc. 1952.
300 ## - DESCRIPCIÓN FÍSICA
Extensión 2 v., 23 lám. col. ;
Dimensiones 25 cm.
490 1# - MENCIÓN DE SERIE
Mención de serie Mapa agronómico nacional
500 ## - NOTA GENERAL
Nota general Precede al tit.: Ministerio de Agricultura. Servicio del Mapa Agronómico Nacional.
650 14 - PUNTO DE ACCESO ADICIONAL DE MATERIA--TÉRMINO DE MATERIA
Término de materia o nombre geográfico como elemento de entrada Agricultura-
Subdivisión geográfica España-
Subdivisión de forma Mapas.
9 (RLIN) 9681
830 0# - PUNTO DE ACCESO ADICIONAL DE SERIE-TÍTULO UNIFORME
Título uniforme Mapa agronómico nacional
9 (RLIN) 184287
852 ## - LOCALIZACIÓN
Ubicación ES-MaACL
Número de control de estantería C-5715-16
Sublocalización o colección R.34676
Holdings
Estatus retirado Estado de pérdida Estado de daño No para préstamo Biblioteca de origen Biblioteca actual Ubicación en estantería Fecha de adquisición Fuente de adquisición Total de préstamos Signatura topográfica completa Código de barras Visto por última vez Precio de reemplazo Tipo de ítem Koha
        Biblioteca del Ateneo de Madrid Biblioteca del Ateneo de Madrid Sala Palomar 17/01/2008     C-5715-16 1097437 23/02/2023 23/02/2023 Libro impreso